000 00259nam a22000977a 4500
008 240220b |||||||| |||| 00| 0 eng d
082 _aA-N
_bMURB
100 1 0 _aMurakami, Haruki
_eautor
_942992
245 _aLa biblioteca secreta /
_cHaruki Murakami
942 _2ddc
999 _c30632
_d17016